banner koha

Pathogenicity and histopathological observations of commercial broiler chicks experimentally infected with isolates of Eimeria tenella, E. acervulina and E. maxima (Registro n. 189015)

MARC details
000 -LÍDER
campo de controle de tamanho fixo 01061nas a2200337 4500
001 - NÚMERO DE CONTROLE
campo de controle BR0702498
003 - IDENTIFICADOR DO NÚMERO DE CONTROLE
campo de controle BR-BrBNA
005 - DATA E HORÁRIO DA ÚLTIMA TRANSAÇÃO
campo de controle 20231205110757.0
007 - CAMPO FIXO DE DESCRIÇÃO FÍSICA--INFORMAÇÃO GERAL
campo de controle de tamanho fixo ta
008 - CAMPO DE DADOS FIXOS--INFORMAÇÃO GERAL
campo de controle de tamanho fixo 230509b bl.|||p| |||| 00| 00por d
040 ## - FONTE DA CATALOGAÇÃO
Instituição da catalogação original BR-BrBNA
Idioma da catalogação por
Instituição que transcreveu o registro Biblioteca Nacional de Agricultura
041 ## - CÓDIGO DE IDIOMA
Código do idioma do texto/trilha sonora ou título diferente (En)
072 ## - CÓDIGO DE CATEGORIA DE ASSUNTO
Código de Categoria de Assunto L73
100 1# - ENTRADA PRINCIPAL--NOME PESSOAL
Nome pessoal Zulpo, D.L.
100 1# - ENTRADA PRINCIPAL--NOME PESSOAL
Nome pessoal Pretti, J.
100 1# - ENTRADA PRINCIPAL--NOME PESSOAL
Nome pessoal Ono, L.M.
100 1# - ENTRADA PRINCIPAL--NOME PESSOAL
Nome pessoal Longhi, E.
100 1# - ENTRADA PRINCIPAL--NOME PESSOAL
Nome pessoal Oliveira, M.R.
100 1# - ENTRADA PRINCIPAL--NOME PESSOAL
Nome pessoal Guimarâes, I.G.
100 1# - ENTRADA PRINCIPAL--NOME PESSOAL
Nome pessoal Headley, S.A.
100 1# - ENTRADA PRINCIPAL--NOME PESSOAL
Nome pessoal Guimarâes Junior, J. da S.
100 1# - ENTRADA PRINCIPAL--NOME PESSOAL
Nome pessoal Garcia, J.L.
245 1# - TÍTULO
Título Pathogenicity and histopathological observations of commercial broiler chicks experimentally infected with isolates of Eimeria tenella, E. acervulina and E. maxima
650 ## - ASSUNTO--TERMO TÓPICO
Cabeçalho tópico ou nome geográfico FRANGO DE CORTE
650 ## - ASSUNTO--TERMO TÓPICO
Cabeçalho tópico ou nome geográfico COCCIDEO
650 ## - ASSUNTO--TERMO TÓPICO
Cabeçalho tópico ou nome geográfico COCCIDIOSE
650 ## - ASSUNTO--TERMO TÓPICO
Cabeçalho tópico ou nome geográfico PATOGENICIDADE
773 0# - ENTRADA ANALÍTICA
Título Semina. Ciencias Agrarias (Brazil)
ISSN - International Standard Serial Number ISSN 1676-546X
Partes relacionadas (Jan-Mar 2007), v. 28(1) p. 97-104
Número de controle do registro BR0702498
909 ## -
-- 202311
-- Lúcia
-- 55
-- Lúcia Elande
942 ## - ELEMENTOS DE ENTRADA ADICIONADOS (KOHA)
Fonte da classificação ou esquema de arquivamento na estante Classificação AGRIS
Ocultar no OPAC Não
Tipo de material Koha Analítica
Exemplares
Situação do descarte Fonte da classificação ou esquema de arquivamento na estante Situação física Não pode ser emprestado Biblioteca de origem Biblioteca atual Localização na estante Enumeração do periódico / cronologia Total de empréstimos Data de último acesso Número do exemplar Tipo de material Koha Fonte de aquisição
  Classificação AGRIS   Consulta local Biblioteca Nacional de Agricultura - Binagri Biblioteca Nacional de Agricultura - Binagri   (Jan-Mar 2007), v. 28(1) p. 97-104   29/11/2023 01 Periódicos Portaria Interministerial nº 164/94

BINAGRI

Telefone: (61)3218-2567/2388/3357/2097 - binagri@agro.gov.br

Ministério da Agricultura e Pecuária , Esplanada dos Ministérios, Bloco D, Anexo B, Brasília/DF, CEP: 70.043-900